000 00796nam a2200205 i 4500
001 117762
003 ES-MaACL
005 20230906190951.0
007 t|
008 070214s1968 sp a |||| | spa d
100 1 _aPereda de la Reguera, Manuel.
_990454
245 1 0 _aIndianos de Cantabria /
_cManuel Pereda de la Reguera ; prólogo de Pedro de Escalante y Huidobro.
260 _aSantander :
_b[Institución Cultural de Cantabria], Diputación Provincial,
_c1968.
300 _a144 p. :
_bil. ;
_c24 cm.
650 4 _aCántabros-
_zAmérica latina-
_vHistoria.
_910742
651 4 _aCantabria (Comunidad Autónoma)-
_xEmigración-
_zAmérica.
_9169918
700 1 _aEscalante y Huidobro, Pedro de.
_947474
710 2 _aInstitución Cultural de Cantabria.
_94712
852 _aES-MaACL
_jC-46644
999 _c117762
_d117762